| 000 | 00508nam a2200193Ia 4500 | ||
|---|---|---|---|
| 003 | GCL | ||
| 008 | 140319s9999 xx 000 0 eng d | ||
| 040 |
_aGCL / _cGCL |
||
| 082 | 0 | 4 |
_a752 _bB C |
| 100 | 1 | _aBLAKE, WENDON | |
| 245 | 1 | 0 |
_aCOLOR IN ACRYLIC / _cBLAKE, WENDON |
| 260 |
_a[S.N] : _bWATSON-GUPTILL CATIONS ، _c1982 |
||
| 300 | _a80 P | ||
| 490 |
_aTHE ARTIS'S PAINTING LIBRARY _v0 |
||
| 650 | 0 | 4 | _aPOLYMER PAINTING TECHNIQUE |
| 650 | 0 | 4 | _aACRYLIC |
| 650 | 0 | 4 | _aCOLOUR IN ARTS |
| 942 |
_2ddc _cBK |
||
| 999 |
_c19302 _d19302 |
||